000 00503nam a2200157Ia 4500
008 220204s9999 xx 000 0 und d
082 _aNR:62:678.061(063)
_bREC
245 0 _aRecent advances in latex technology : Seminar papers (held at Brickendonbury, Hertford, U K on 22nd October 1993
260 _aU K
_bMRPRA
_c1993
505 _aPound 100 for a set of 3 conf papers
650 _aLatex stability
650 _aNitrosamines
650 _aNR gelation
650 _aProtein allergy
942 _cBK
999 _c40976
_d40976